000 00756nam a2200265 4500
001 23577
003 BD-RjUL
005 20211209000939.0
008 140311s1970 enkacf b 001 0ceng
020 _a0370013042
035 _a(BD-RjUL)23642
040 _aDLC
_cDLC
_dDLC
_dBD-RjUL
_beng
041 _aeng
082 0 0 _a297.8220922
_bFRA 1970
100 1 _aFrischauer, Willi,
_d1906-
_972577
245 1 4 _aThe Aga Khans /
_cWilli Frischauer.
260 _aLondon :
_bBodley Head,
_c1970.
300 _a286 p., 17 plates. :
_billus., ports.
_c23 cm.
504 _aIncludes bibliographical references.
600 0 0 _aAga Khan
_d1936-
_972580
650 0 _aIsmailites.
_972579
942 _2ddc
_cBK
999 _c23577
_d23577